IRRI research paper series; 1994 Cambodian farmers' decisionmaking in the choice of traditional rainfed lowland rice varieties

Guardat en:
Dades bibliogràfiques
Autor principal: IRRI
Format: Llibre
Idioma:Undetermined
Publicat: Manila IRRI 1994
Matèries:
Etiquetes: Afegir etiqueta
Sense etiquetes, Sigues el primer a etiquetar aquest registre!
Thư viện lưu trữ: Trung tâm Học liệu Trường Đại học Cần Thơ
LEADER 00583nam a2200193Ia 4500
001 CTU_28954
008 210402s9999 xx 000 0 und d
082 |a 633.18 
082 |b I71rp/1994 
100 |a IRRI 
245 0 |a IRRI research paper series; 1994 
245 0 |b Cambodian farmers' decisionmaking in the choice of traditional rainfed lowland rice varieties 
245 0 |c IRRI 
260 |a Manila 
260 |b IRRI 
260 |c 1994 
650 |a rice - research 
904 |i Nguyễn Quang Điền, 990309 
980 |a Trung tâm Học liệu Trường Đại học Cần Thơ